|
|
|
|
| LEADER |
01052nam a2200253 a 4500 |
| 001 |
00025152 |
| 008 |
120519s2010 enka 000 1 eng |
| 020 |
|
|
|a 9780194248938
|
| 020 |
|
|
|a 9780194248457 (book and multiROM pack)
|
| 040 |
|
|
|a BD-DhAAL
|c BD-DhAAL.
|
| 082 |
0 |
0 |
|a 428.6
|2 22
|
| 100 |
1 |
|
|a Conrad, Joseph.
|
| 245 |
1 |
0 |
|a Typhoon /
|c Joseph Conrad ; text adaptation by Tim Herdon ; illustrated by Emmanuel Cerisier.
|
| 260 |
|
|
|a Oxford ;
|a New York :
|b Oxford University Press,
|c c2010
|
| 300 |
|
|
|a 67 p. :
|b col. ill. ;
|c 21 cm.
|
| 490 |
1 |
|
|a Dominoes. Level two.
|
| 541 |
|
|
|e 00025152
|
| 650 |
0 |
|
|a Readers for new literates.
|
| 650 |
0 |
|
|a High interest-low vocabulary books.
|
| 700 |
1 |
|
|a Herdon, Tim.
|
| 700 |
1 |
|
|a Cerisier, Emmanuel.
|
| 852 |
1 |
|
|a Ayesha Abed Library
|c General shelf.
|
| 999 |
|
|
|c 12246
|d 12246
|
| 952 |
|
|
|0 0
|1 0
|2 ddc
|4 0
|6 428_600000000000000_CON
|7 0
|9 20275
|a BRACUL
|b BRACUL
|c GEN
|d 2012-05-23
|e Karim International
|g 651.00
|l 1
|m 2
|o 428.6 CON
|p 3010025152
|r 2025-04-17
|s 2024-01-23
|t 1
|w 2012-05-23
|y BK
|x Transferred from BIL to BRACUL on 06/06/22
|